[Event "Open"]
[Site "Lisbon POR"]
[Date "2001.08.27"]
[Round "7"]
[White "Rocha,S"]
[Black "Campos Moreno,J"]
[Result "1-0"]
[WhiteElo "2376"]
[BlackElo "2524"]

1.e4 c5 2.Nf3 Nc6 3.Bb5 g6 4.O-O Bg7 5.Re1 Nf6 6.Nc3 O-O 7.h3 d6 8.d4 cxd4
9.Nxd4 Nxd4 10.Qxd4 Be6 11.Qd3 Rc8 12.Ba4 Qa5 13.Bb3 Bxb3 14.cxb3 Nd7 15.Bd2 Ne5
16.Qe2 Nc6 17.Red1 Qe5 18.Be3 a6 19.a3 Qe6 20.Qc2 f5 21.exf5 gxf5 22.Re1 Qf7
23.Rad1 f4 24.Bb6 Be5 25.b4 Kh8 26.f3 Rg8 27.Re2 Rg6 28.Kh1 Rcg8 29.b5 axb5
30.Nxb5 Qg7 31.Bg1 Rg3 32.Qd2 Qh6 33.Bh2 R3g6 34.Rc1 Qh5 35.a4 Qf5 36.Rc4 Qb1+
37.Rc1 Qa2 38.Bxf4 Qxa4 39.Bxe5+ dxe5 40.Qd3 Qh4 41.Qe3 Qf6 42.Rd1 Rg5 43.Qe4 Rh5
44.Rf2 Rh4 45.Qe3 Qf5 46.Kh2 Rxg2+ 47.Rxg2 Qxh3+ 48.Kg1 Qh1+ 49.Kf2 Qxd1
50.Qg5 Qc2+ 51.Kg3 Qc4 52.Qxh4 Qxb5 53.Qg4 Qb4 54.Qxb4 Nxb4 55.Rd2 Kg7 56.Rd7 Kf6
57.Rxb7 Nd5 58.Rb8 Ke6 59.Rd8 h5 60.b3 Nb4 61.Rh8 Nc6 62.Rxh5 Nd4 63.b4 Kd5
64.Kf2 e6 65.Rh8 Kc4 66.Rb8 Nc6 67.Rc8  1-0

[Event "Open"]
[Site "Lisbon POR"]
[Date "2001.08.28"]
[Round "8"]
[White "Webb,L"]
[Black "Villar Nieves,A"]
[Result "1-0"]
[WhiteElo "2250"]
[BlackElo "2143"]

1.e4 c5 2.Nf3 Nc6 3.Bb5 g6 4.O-O Bg7 5.Re1 Nf6 6.e5 Nd5 7.Nc3 Nc7 8.a4 b6
9.d3 Bb7 10.Bc4 Ne6 11.Nd5 Qb8 12.Qe2 O-O 13.c3 Re8 14.Nf4 Qc7 15.h4 Na5
16.Ba2 Bxf3 17.gxf3 Nc6 18.Nxe6 fxe6 19.f4 Rf8 20.Qg4 Kh8 21.Be3 Rf7 22.Bb1 Qc8
23.d4 Qf8 24.Be4 Rc8 25.dxc5 bxc5 26.Rad1 Bh6 27.Rxd7 Bxf4 28.Bxc6 Rxc6 29.Red1 Qh6
30.Bxf4 Rxf4 31.Qg5 Qxh4 32.Qxh4 Rxh4 33.Rxe7 Rc8 34.Rxe6 Rc7 35.Red6 Re7
36.R6d5 Rxa4 37.Rxc5 Re4 38.Ra1 Re2 39.b4 Kg7 40.Rca5 Kh6 41.Rxa7 R7xe5 42.R7a5 R5e4
43.R5a2 Rg4+ 44.Kf1 Re5 45.Ra5 Re6 46.Re1 Rc6 47.Re3 Rf4 48.Rh3+ Kg7 49.Ra7+ Kf6
50.Raxh7 Ke5 51.Rd3 g5 52.Ke2 Ra6 53.Rd2 Rc4 54.Re7+ Kf4 55.Re3 Ra3 56.Rc2 Rb3
57.Kd2 g4 58.Ra2 Rc8 59.Rd3 Rc4 60.Rc2 Ke4 61.Rd8 Kf3 62.Rf8+ Kg2 63.f3 Kg3
64.fxg4 Kxg4 65.Rb8 Kf4 66.Kd3 Rc7 67.Kd4 Rb1 68.c4 Rd1+ 69.Kc3 Re1 70.Rf8+ Kg3
71.b5  1-0

[Event "Open"]
[Site "Lisbon POR"]
[Date "2001.08.28"]
[Round "8"]
[White "Sulskis,S"]
[Black "Estremera Panos,S"]
[Result "1/2-1/2"]
[WhiteElo "2573"]
[BlackElo "2401"]

1.e4 c5 2.Nf3 Nc6 3.Bb5 g6 4.Bxc6 dxc6 5.d3 Bg7 6.h3 Nf6 7.Nc3 Nd7 8.Be3 e5
9.Qd2 Qe7 10.Bh6 Bxh6 11.Qxh6 f6 12.Nh4 Nf8 13.O-O Qf7 14.f4 exf4 15.Rxf4 Nd7
16.e5 Qf8 17.Qxf8+ Rxf8 18.exf6 g5 19.Re4+ Kd8 20.Nf3 Nxf6 21.Re5 g4 22.hxg4 Bxg4
23.Nh2 Rg8 24.Rf1 Nd7 25.Nxg4 Rxg4 26.Rh5 Rg7 27.Ne4 Kc7 28.Nxc5 Nxc5 29.Rxc5 Rag8
30.Rf2 Kb6 31.Rcf5 Rg4 32.R5f4 R4g5 33.Rf7 h5 34.R7f5 a5 35.Kh2 a4 36.Rxg5 Rxg5
37.Kh3 Rb5 38.c3 Rd5 39.d4 c5 40.Rf4 c4 41.Kh4 Rb5 42.Rf2 Kc6 43.g3 Kd6 44.Re2 Kd7
45.Rd2 Rf5 46.Re2 Rb5 47.a3 Kd6 48.Kh3 Kd7 49.Kg2 Kd6 50.Kh3 Kd7 51.Kh2 Kc7
52.Kg2 Kd6 53.Kf3 Rf5+ 54.Ke4 Rg5 55.Kf4 Rb5 56.Rd2 Rd5 57.Kf3 Rf5+ 58.Kg2 Rg5
59.Kh3 Rd5 60.Rf2 Rb5 61.Kh4 Ke6 62.Rd2 Rf5 63.Re2+ Kf6 64.Re5 Rf2 65.Kxh5 Rh2+
66.Kg4 Rxb2 67.Rf5+ Ke6 68.Rc5 b5 69.Kf4 Rb3 70.Ke4 Rxc3 71.Rxb5 Rxg3 72.Rb6+ Ke7
73.Kd5 Rxa3 74.Rb7+ Kf6 75.Kxc4  1/2-1/2

[Event "Open"]
[Site "Lisbon POR"]
[Date "2001.08.28"]
[Round "8"]
[White "Oratovsky,M"]
[Black "Kotronias,V"]
[Result "1-0"]
[WhiteElo "2493"]
[BlackElo "2528"]

1.e4 c5 2.Nf3 Nc6 3.Bb5 g6 4.Bxc6 dxc6 5.d3 Bg7 6.h3 b6 7.Nc3 e5 8.O-O f6
9.Nh2 Nh6 10.f4 exf4 11.Bxf4 O-O 12.Qd2 Nf7 13.Nf3 Be6 14.a4 a5 15.Rad1 Qd7
16.Kh1 Rae8 17.Qf2 Re7 18.d4 cxd4 19.Nxd4 Qb7 20.Nxe6 Rxe6 21.Qd4 Rfe8 22.Qc4 Bf8
23.Rd3 Bc5 24.Rfd1 Qc8 25.Rd7 R8e7 26.Rxe7 Bxe7 27.Nd5 Bd8 28.Be3 Ne5 29.Qc3 Qb8
30.Nxb6 Rd6 31.Rxd6 Qxd6 32.Nc4 Qd1+ 33.Bg1 Bc7 34.Nxe5 Bxe5 35.Qxc6 Qe1
36.b3 h5 37.Qa8+ Kg7 38.Qa7+ Kg8 39.Qa8+ Kg7 40.Qa7+ Kg8 41.Qe3 Qd1 42.Qd3 Qe1
43.c4 h4 44.c5 Qc1 45.Qd5+ Kf8 46.c6 Ke8 47.Qd7+ Kf8 48.Qd8+ Kg7 49.Qd7+ Kh6
50.Qe7 Qc5 51.Bxc5  1-0

[Event "Schwarzach Open A"]
[Site "Salzburg AUT"]
[Date "2001.08.29"]
[Round "5"]
[White "Okhotnik,V"]
[Black "Loidl,F"]
[Result "1-0"]
[WhiteElo "2446"]
[BlackElo "2216"]

1.e4 c5 2.Nf3 Nc6 3.Bb5 Qc7 4.O-O Nf6 5.Re1 e6 6.e5 Nd5 7.c4 Nb6 8.Bxc6 bxc6
9.d3 d5 10.b3 Be7 11.Nc3 O-O 12.Bf4 Rd8 13.Qc1 Rd7 14.Ne2 a5 15.a4 Qb8 16.Qe3 Raa7
17.Ng3 Na8 18.Nd2 Nc7 19.Nh5 Bf8 20.Rac1 Na6 21.Nf6+ Kh8 22.Nxd7 Rxd7 23.h4 Nb4
24.Red1 Na2 25.Rc2 Nb4 26.Rb2 Ba6 27.Qe2 Qd8 28.Bg3 Be7 29.h5 h6 30.Rbb1 Na2
31.Ne4 Nb4 32.Nd6 Qf8 33.Qe3 f6 34.f4 Bxd6 35.exd6 Qxd6 36.Rbc1 Rc7 37.Be1 d4
38.Qe4 Rb7 39.Rd2 Rb8 40.Re2 Bc8 41.g4 Bd7 42.Rg2 Be8 43.Qf3 Qf8 44.Rb1 Qf7
45.Qg3 Qf8 46.Rbb2 Bf7 47.Qf3 Qe8 48.Kh2 Bg8 49.g5 Bh7 50.g6 Bg8 51.Qe4 Qd7
52.Kg1 Qc7 53.Bd2 f5 54.Qf3 Na6 55.Re2 Ra8 56.Re5 Qb6 57.Be1 Nc7 58.Bh4 Re8
59.Qd1 Na6 60.Kg2 Qa7 61.Qe1 Nc7 62.Ree2 Qb6 63.Rf2 Qa7 64.Qe5 Na6 65.Rfe2 Qd7
66.Be1 Qd8 67.Kh3 Rf8 68.Rb1 Re8 69.Bd2 Rf8 70.Rg2 Re8 71.Be1 Rf8 72.Bh4 Qd7
73.Kg3 Re8 74.Kf3 Rf8 75.Ke2 Re8 76.Rh1 Rb8 77.Bg5 Qc7 78.Qxc7 Nxc7 79.Be7 Rxb3
80.Bxc5 Rb2+ 81.Kf3 Rb3 82.Rd2 e5 83.fxe5 Bxc4 84.Ke2 Bd5 85.Rf1 Ne6 86.Rxf5 Rb8
87.Bd6 Rb1 88.Rf7 Rh1 89.Rd1 Rxh5 90.Rb1  1-0

[Event "Schwarzach Open A"]
[Site "Salzburg AUT"]
[Date "2001.08.29"]
[Round "5"]
[White "Maier,A"]
[Black "Ljubic,P"]
[Result "1-0"]
[WhiteElo "2378"]
[BlackElo "2137"]

1.e4 c5 2.Nf3 Nc6 3.Bb5 a6 4.Bxc6 dxc6 5.d3 Bg4 6.h3 Bh5 7.Nbd2 e6 8.Qe2 Qc7
9.Nc4 b5 10.Ncd2 Nf6 11.b3 Nd7 12.Bb2 f6 13.g4 Bf7 14.e5 Be7 15.Rg1 O-O-O
16.O-O-O g6 17.Qe3 f5 18.gxf5 gxf5 19.Rg7 Rdf8 20.Qh6 Qa5 21.Rdg1 Qxa2 22.Rxf7 Rxf7
23.Qxe6 Rhf8 24.Qxc6+ Kd8 25.e6 Bf6 26.Bxf6+ Nxf6 27.exf7 Rxf7 28.Qd6+  1-0

[Event "ADCF Masters"]
[Site "Abu Dhabi UAE"]
[Date "2001.08.30"]
[Round "6"]
[White "Arkhipov,S"]
[Black "Vladimirov,E"]
[Result "1/2-1/2"]
[WhiteElo "2500"]
[BlackElo "2612"]

1.e4 c5 2.Nf3 Nc6 3.Bb5 g6 4.Bxc6 dxc6 5.d3 Bg7 6.h3 Nf6 7.Nc3 Nd7 8.Be3 e5
9.Qd2 Qe7 10.Bh6 Bxh6 11.Qxh6 f6 12.Nh2 Nf8 13.f4 exf4 14.Qxf4 Ne6 15.Qh6 Nd4
16.O-O-O Be6 17.Rhf1 Rf8 18.Qh4 O-O-O 19.Ng4 Bxg4 20.Qxg4+  1/2-1/2

[Event "EYCC B16"]
[Site "Halkidiki GRE"]
[Date "2001.08.31"]
[Round "1"]
[White "Grecescu,G"]
[Black "Llobel Cortell,E"]
[Result "1-0"]
[WhiteElo "2126"]
[BlackElo "2400"]

1.e4 c5 2.Nf3 Nc6 3.Bb5 a6 4.Bxc6 dxc6 5.O-O Bg4 6.h3 Bh5 7.d3 Qc7 8.Re1 e5
9.Be3 Bd6 10.Nbd2 Ne7 11.a4 a5 12.Nf1 f6 13.Ng3 Bf7 14.Nd2 O-O 15.Qg4 Kh8
16.b3 b5 17.Nf5 Nxf5 18.exf5 Rfd8 19.Ne4 c4 20.dxc4 bxc4 21.bxc4 Bf8 22.Red1 Rab8
23.Bc5 Bxc4 24.Rxd8 Rxd8 25.Bxf8 Rxf8 26.Nxf6 Ba6 27.Ne4 Bc8 28.Ng3 g6 29.Re1 gxf5
30.Qh4 c5 31.Qh6 Re8 32.Rd1 Qf7 33.Rd6 Rg8 34.Nh5 Bb7 35.g3 Bc8 36.Nf6 Rf8
37.Nxh7  1-0

[Event "ch-ISL"]
[Site "Strandgotu ISL"]
[Date "2001.08.31"]
[Round "1"]
[White "Kristjansson,S"]
[Black "Ptacnikova,L"]
[Result "1/2-1/2"]
[WhiteElo "2380"]
[BlackElo "2272"]

1.e4 c5 2.Nf3 Nc6 3.Bb5 g6 4.Bxc6 bxc6 5.O-O f6 6.d3 d6 7.h3 Nh6 8.Nc3 Nf7
9.Be3 Bg7 10.Nh2 O-O 11.f4 f5 12.exf5 gxf5 13.Qh5 Rb8 14.Nd1 Bd7 15.Rb1 Qe8
16.Kh1 Nd8 17.Qh4 Bf6 18.Qe1 Kh8 19.Bd2 Ne6 20.Ne3 Nd4 21.c3 Nb5 22.g4 Bg7
23.Qh4 Qf7 24.Nf3 fxg4 25.hxg4 Bf6 26.Qh2 Qxa2 27.g5 Bg7 28.c4 Nd4 29.g6 h6
30.Bc3 Kg8 31.Nxd4 cxd4 32.Bxd4 Qb3 33.Bc3 d5 34.f5 d4 35.Ng4 Rfd8 36.Bxd4 Qxd3
37.Bxg7 Qe4+ 38.Qg2 Qxg2+ 39.Kxg2 Kxg7 40.b4 Rf8 41.Ne3 e6 42.Rbd1 Be8 43.Rd6 Rf6
44.Ng4 Rxf5 45.Rxf5 exf5 46.Ne5 Rxb4 47.Re6 Rb8 48.Kg3 Rd8 49.Kf4 Rd4+ 50.Kxf5 Bd7
51.Nxd7 Rxd7 52.Rxc6 a5 53.c5 a4 54.Rd6 Ra7 55.c6 Ra5+ 56.Ke6 a3 57.c7 a2
58.Rd1 Rc5 59.Kd7 Kxg6 60.c8=Q Rxc8 61.Kxc8 h5 62.Kd7 Kf5 63.Ra1 Kg4 64.Rxa2 h4
65.Ke6 h3 66.Ra4+ Kf3 67.Ra3+ Kg2  1/2-1/2

[Event "Schwarzach Open A"]
[Site "Salzburg AUT"]
[Date "2001.09.01"]
[Round "8"]
[White "Pinkas,K"]
[Black "Schmidlechner,A"]
[Result "1-0"]
[WhiteElo "2378"]
[BlackElo "2211"]

1.e4 c5 2.Nf3 Nc6 3.Bb5 g6 4.Bxc6 dxc6 5.d3 Bg7 6.h3 Nf6 7.Nc3 Nd7 8.Be3 e5
9.a4 Qe7 10.a5 Nf8 11.Na4 Ne6 12.Nd2 O-O 13.O-O f5 14.f3 f4 15.Bf2 Qg5 16.Kh2 Bf6
17.Rh1 Be7 18.Nb3 Ng7 19.Naxc5 Nh5 20.Re1 Ng3 21.d4 exd4 22.Qxd4 Rd8 23.Qc4+ Kg7
24.Rad1 Qh5 25.Rxd8 Bxd8 26.Ne6+ Bxe6 27.Qxe6 Qg5 28.Bd4+ Kf8 29.Nc5 Qe7
30.Nd7+ Ke8 31.Nf6+  1-0

[Event "3rd Open"]
[Site "Glyfada GRE"]
[Date "2001.09.02"]
[Round "3"]
[White "Shavtvaladze,N"]
[Black "Valden,P"]
[Result "1-0"]
[WhiteElo "2360"]
[BlackElo "2096"]

1.e4 c5 2.Nf3 Nc6 3.Bb5 d6 4.O-O Bd7 5.Re1 a6 6.Bf1 Bg4 7.h3 Bxf3 8.Qxf3 g6
9.c3 Bg7 10.Qd1 e6 11.Na3 Nge7 12.Nc2 d5 13.d3 O-O 14.Bg5 dxe4 15.dxe4 Qxd1
16.Rexd1 Rfd8 17.Be3 b6 18.Rxd8+ Nxd8 19.Rd1 Nec6 20.Na3 Bf8 21.Nc4 Rb8 22.Nd6 Ra8
23.Ne8 b5 24.a4 c4 25.Nc7 Rc8 26.axb5 axb5 27.Nxb5 Na5 28.Nd6 Rc6 29.Nxc4 Nxc4
30.Bxc4 Rxc4 31.Rxd8 Kg7 32.Bd4+ f6 33.Bxf6+ Kxf6 34.Rxf8+ Ke5 35.f3 Ra4
36.Rb8 Kf4 37.Kf2 Ra2 38.Rb5  1-0

[Event "Schwarzach Open A"]
[Site "Salzburg AUT"]
[Date "2001.09.02"]
[Round "9"]
[White "Okhotnik,V"]
[Black "Schmidlechner,A"]
[Result "1-0"]
[WhiteElo "2446"]
[BlackElo "2211"]

1.e4 c5 2.Nf3 Nc6 3.Bb5 g6 4.Bxc6 dxc6 5.d3 Bg7 6.h3 Nf6 7.Be3 Nd7 8.Nc3 e5
9.Qd2 Qe7 10.Bh6 Bxh6 11.Qxh6 f6 12.Nd2 Nf8 13.O-O-O Ne6 14.Qe3 Bd7 15.g3 O-O-O
16.f4 Nd4 17.Rdf1 Rdf8 18.Rf2 Rf7 19.a4 b6 20.b3 Rhf8 21.Kb2 Ne6 22.Nc4 Nd8
23.g4 Be8 24.fxe5 fxe5 25.Rhf1 Rxf2 26.Rxf2 Rxf2 27.Qxf2 Bf7 28.Nd2 Be6 29.Nd1 Nf7
30.Ne3 Kd7 31.h4 Kc7 32.g5 Kd7 33.a5 Kc7 34.axb6+ axb6 35.Ndc4 Bxc4 36.Nxc4 Nd6
37.Ne3 Nf7 38.Ng4 Kd6 39.b4 Qe6 40.bxc5+ bxc5 41.Ne3 Kc7 42.Nc4 Nd6 43.Qxc5 Nxc4+
44.dxc4 Qd6 45.Qa7+ Kc8 46.Kb3 Qc7 47.Qa8+ Kd7 48.c5 Qc8 49.Qa7+ Qc7 50.Qb6 Qc8
51.Qb4 Qg8+ 52.Kb2 Qa8 53.Qd2+ Kc8 54.Qd6 Qa4 55.Qe6+ Kd8 56.Qg8+ Kd7 57.Qxh7+ Kd8
58.Qg8+ Kd7 59.Qf7+ Kd8 60.Qb3 Qd4+ 61.Qc3 Qa4 62.Kc1 Kc8 63.Qxe5 Qa3+ 64.Kd2 Qb4+
65.Kd3 Qa3+ 66.Qc3 Qa6+ 67.Ke3 Qf1 68.Qh8+ Kd7 69.Qg7+ Kc8 70.Qxg6 Qe1+ 71.Kf3 Qf1+
72.Kg4 Qe2+ 73.Kf5 Qf3+ 74.Ke6  1-0

[Event "20th NAO"]
[Site "Stillwater USA"]
[Date "2001.09.02"]
[Round "6"]
[White "Sulman,R"]
[Black "Kamberi,S"]
[Result "1/2-1/2"]
[WhiteElo "2243"]
[BlackElo "2279"]

1.e4 c5 2.Nf3 Nc6 3.Bb5 g6 4.O-O Bg7 5.Re1 Nf6 6.e5 Nd5 7.Nc3 Nc7 8.Bc4 O-O
9.d3 b6 10.h4 Bb7 11.h5 Na5 12.hxg6 hxg6 13.Bg5 Re8 14.Ne4 Bxe4 15.Rxe4 d5
16.exd6 Qxd6 17.Qe2 Nxc4 18.dxc4 Ne6 19.Rd1 Qc6 20.c3 Nxg5 21.Nxg5 Bf6 22.Nh3 Rad8
23.Re1 Qd7 24.Nf4 e6 25.Qg4 Bg7 26.R4e3 e5 27.Qxd7 Rxd7 28.a4 Bh6 29.Rd3 Rxd3
30.Nxd3 f6 31.f3 Rd8 32.Rd1 f5 33.Kf1 Kg7 34.Ke2 Kf6 35.a5 Rd7 36.Ra1 Kg7
37.Rd1 Kf6 38.Ra1 Kg7  1/2-1/2

[Event "ADCF Masters"]
[Site "Abu Dhabi UAE"]
[Date "2001.09.03"]
[Round "9"]
[White "Arkhipov,S"]
[Black "Velikhanli,F"]
[Result "1-0"]
[WhiteElo "2500"]
[BlackElo "2327"]

1.e4 c5 2.Nf3 Nc6 3.Bb5 g6 4.Bxc6 dxc6 5.d3 Bg7 6.Nc3 e5 7.O-O Bg4 8.Be3 b6
9.a3 Ne7 10.h3 Bxf3 11.Qxf3 O-O 12.b4 cxb4 13.axb4 Qd7 14.Ra3 Rab8 15.Qg3 Rb7
16.Ne2 f5 17.Bg5 f4 18.Qg4 Qxg4 19.hxg4 Nc8 20.f3 Rd7 21.Bh4 h6 22.Rc3 g5
23.Bf2 Rd6 24.Nc1 Rfd8 25.Nb3 Ne7 26.Nd2 Kf7 27.Ra1 R6d7 28.Kf1 Rc7 29.Ke2 Rb7
30.Rca3 Nc8 31.Nc4 Ke6 32.Be1 Rdd7 33.Bc3 Nd6 34.Nd2 Nb5 35.Rb3 Bf8 36.Bb2 Rd8
37.Nc4 Bg7 38.Rh1 Nd4+ 39.Bxd4 Rxd4 40.Ra1 Bf8 41.c3 Rd8 42.Rb2 Rbd7 43.Rd2 Be7
44.Na3 Bf6 45.Nc2 Bg7 46.Ra6 Bf6 47.Na1 Bh8 48.Nb3 Bf6 49.Nc1 Rh7 50.Rda2 Rdd7
51.Nb3 Rc7 52.Ra1 Rhd7 53.Rh1 Bg7 54.Rh3 Rd8 55.g3 Rcd7 56.gxf4 gxf4 57.Nc1 Kf6
58.Rh5 Kg6 59.Ra2 Bf6 60.Rd2 c5 61.bxc5 bxc5 62.Nb3 c4 63.Nc5 cxd3+ 64.Rxd3 Rxd3
65.Nxd3 Re8 66.Rh1 Re7 67.Kd2 Rh7 68.Rh5 Re7 69.Kc2 Bg5 70.Rh1 Kf6 71.Ra1 Kf7
72.Ra6 Bf6 73.Nb4 Rb7 74.Nc6 Rb6 75.Rxa7+ Kg6 76.Nb4 h5 77.gxh5+ Kxh5 78.Ra6 Rxa6
79.Nxa6 Kg6 80.Kd3 Kf7 81.Kc4 Ke6 82.Kc5 Bh4 83.Kc6 Bf2 84.Nc5+ Kf6 85.Nd3 Be3
86.Kd5  1-0

[Event "EYCC B18"]
[Site "Halkidiki GRE"]
[Date "2001.09.03"]
[Round "4"]
[White "Tsiamis,K"]
[Black "Pataki,G"]
[Result "0-1"]
[WhiteElo "2217"]
[BlackElo "2347"]

1.e4 c5 2.Nf3 Nc6 3.Bb5 e6 4.b3 Nge7 5.Bb2 a6 6.Bxc6 Nxc6 7.O-O Qc7 8.Re1 b6
9.d4 cxd4 10.Nxd4 Bb7 11.a3 Bd6 12.Nf3 O-O 13.Nbd2 Be7 14.Qe2 d6 15.c4 Rfd8
16.b4 Rac8 17.Rac1 Qb8 18.Nd4 Bf8 19.Nxc6 Bxc6 20.Nb3 Rd7 21.f4 Ba8 22.Rc3 b5
23.Na5 bxc4 24.Rxc4 Rxc4 25.Qxc4 Qb5 26.Qc8 Qb6+ 27.Kh1 Rd8 28.Qc2 Qb5 29.h3 d5
30.Qc7 Qe8 31.exd5 Bxd5 32.Qc3 Rc8 33.Qd3 Qd8 34.Kh2 Qc7 35.Be5 Qc2 36.Qe2 f6
37.Bd4 Qf5 38.Qg4 Rc2 39.Rg1 Qxg4 40.hxg4 Bd6 41.Be3 Rc3 42.Bc1 Rxc1  0-1

[Event "IX Open"]
[Site "Albacete ESP"]
[Date "2001.09.04"]
[Round "7"]
[White "Saldano,H"]
[Black "Lazarev,V"]
[Result "0-1"]
[WhiteElo "2422"]
[BlackElo "2459"]

1.e4 c5 2.Nf3 Nc6 3.Bb5 e6 4.O-O Nge7 5.c3 a6 6.Ba4 c4 7.Qe2 b5 8.Bc2 Ng6
9.b3 cxb3 10.axb3 Be7 11.d4 O-O 12.d5 Nb8 13.c4 exd5 14.cxd5 d6 15.Be3 Bf6
16.Nd4 Bb7 17.Nd2 Re8 18.Qd1 Nd7 19.b4 Nb6 20.Bd3 Na4 21.Qb3 Nf4 22.Bxf4 Bxd4
23.Rac1 Qf6 24.Nf3 Bxf2+ 25.Rxf2 Qxf4 26.Rc7 Rac8 27.Rxb7 Rc3 28.Qa2 Rxd3
29.Ne1 Qc1 30.Qe2 Rd1 31.Rf1 f5 32.Qh5 Rf8 33.Qh4 Qe3+ 34.Kh1 Qxe4 35.Qg3 Qe5
36.Qf2 Nc3 37.Nf3 Rxf1+ 38.Qxf1 Qxd5 39.Re7 h6 40.h3 Rf7 41.Re8+ Kh7 42.Qa1 Qc6
43.Re6 Ne4 44.Qa2 Qc1+ 45.Kh2 Qf4+ 46.Kg1 Rc7  0-1

[Event "TCh-YUG Women's Cup"]
[Site "Herceg Novi YUG"]
[Date "2001.09.04"]
[Round "2"]
[White "Bojkovic,N"]
[Black "Dembo,Y"]
[Result "1/2-1/2"]
[WhiteElo "2452"]
[BlackElo "2391"]

1.e4 c5 2.Nf3 Nc6 3.Bb5 g6 4.Bxc6 dxc6 5.d3 Bg7 6.h3 e5 7.Be3 Qe7 8.Qd2 Nf6
9.Nc3 O-O 10.Nh2 Be6 11.Bh6 Nd7 12.Bxg7 Kxg7 13.O-O Rae8 14.f4 exf4 15.Rxf4 Ne5
16.Raf1 Rd8 17.Ne2 Kg8 18.Qc3 Bc8 19.R4f2 b5 20.Nf3 Nxf3+ 21.Rxf3 c4 22.Kh1 cxd3
23.cxd3 Rd6 24.Nd4 Qd7 25.Nb3 Qe7 26.Nc5 Be6 27.e5 Rd5 28.Ne4 b4 29.Qe1 Rxe5
30.Nf6+ Qxf6 31.Rxf6 Rxe1 32.Rxe1 Rd8 33.Re3 c5 34.b3 Rd6 35.Rf2 Rd5 36.g4 h5
37.gxh5 Rxh5 38.Kg2 Rg5+ 39.Kf1 Kg7 40.Ke2 Rh5 41.Rff3 Rd5 42.Rg3 Rh5 43.Rgf3 Rd5  1/2-1/2

[Event "CHN-RUS Rapid Match"]
[Site "Beijing CHN"]
[Date "2001.09.05"]
[Round "2"]
[White "Xu Yuhua"]
[Black "Kovalevskaya,E"]
[Result "0-1"]
[WhiteElo "2502"]
[BlackElo "2507"]

1.e4 c5 2.Nf3 Nc6 3.Bb5 d6 4.O-O Bd7 5.Re1 Nf6 6.c3 a6 7.Bf1 Bg4 8.h3 Bxf3
9.Qxf3 g6 10.Na3 Bg7 11.Nc2 O-O 12.d3 Rc8 13.Qe2 b5 14.g3 Nd7 15.h4 b4 16.Bd2 bxc3
17.Bxc3 Nd4 18.Nxd4 cxd4 19.Bb4 Qb6 20.Ba3 Rc6 21.Rac1 Rfc8 22.Qd2 Qc7 23.Rxc6 Qxc6
24.Qb4 Qb5 25.Qxb5 axb5 26.Bh3 e6 27.Bxd6 Rc2 28.Rb1 Bf8 29.Bf4 Nc5 30.Bf1 f6
31.b4 Na4 32.a3 e5 33.Bc1 Nc3 34.Ra1 Na2 35.a4 bxa4 36.Ba3 Nc3 37.Bh3 Kf7
38.Kf1 Bd6 39.Bd7 Be7 40.Bc6 Rd2 41.Bc1 Rd1+ 42.Kg2 a3 43.b5 Ne2 44.Bb2 axb2
45.Rxd1 Nc3  0-1

[Event "III Sants Hostafrancs Open"]
[Site "Barcelona ESP"]
[Date "2001.09.06"]
[Round "6"]
[White "Van Haastert,E"]
[Black "Ayas Fernandez,A"]
[Result "1-0"]
[WhiteElo "2419"]
[BlackElo "2261"]

1.e4 c5 2.Nf3 Nc6 3.Bb5 g6 4.Bxc6 dxc6 5.d3 Bg7 6.Nc3 c4 7.d4 Bg4 8.Be3 b5
9.a4 a6 10.axb5 axb5 11.O-O Nf6 12.h3 Rxa1 13.Qxa1 Bxf3 14.gxf3 O-O 15.Qa6 Qd7
16.Kh2 Nh5 17.Ne2 f5 18.e5 f4 19.Bc1 Qd5 20.Kg2 Bh6 21.Nc3 Qxd4 22.Qxc6 Qxe5
23.Qxb5 Qxb5 24.Nxb5 Rd8 25.Na3 Rc8 26.c3 Ng7 27.Re1 Nf5 28.Re4 Nh4+ 29.Kf1 Nxf3
30.Bxf4 Bxf4 31.Rxf4 Ne5 32.Re4 Rc5 33.f4 Nd3 34.Nxc4 Rf5 35.Ne3 Rxf4+ 36.Rxf4 Nxf4
37.b4 Kf7 38.h4 Ke6 39.Kf2 Ke5 40.Kf3 Nd3 41.Nc4+ Kd5 42.Ne3+ Ke5 43.b5 Nc5
44.Nc4+ Kd5 45.Nb6+ Ke5 46.Ke3 h6 47.Nc4+ Kd5 48.Nd2 e5 49.c4+ Kd6 50.Ne4+ Nxe4
51.Kxe4 g5 52.hxg5 hxg5 53.Kf5  1-0

[Event "EYCC B18"]
[Site "Halkidiki GRE"]
[Date "2001.09.06"]
[Round "6"]
[White "Botezatu,G"]
[Black "Sebenik,M"]
[Result "1-0"]
[WhiteElo "2230"]
[BlackElo "2322"]

1.e4 c5 2.Nf3 Nc6 3.Bb5 e6 4.Bxc6 bxc6 5.O-O Ne7 6.d3 Ng6 7.Qe2 e5 8.c3 Be7
9.d4 cxd4 10.cxd4 exd4 11.Nxd4 Qb6 12.Rd1 Ba6 13.Qc2 O-O 14.Nc3 Rab8 15.Nf5 Bf6
16.Rb1 Ne5 17.Bf4 g6 18.Nh6+ Kh8 19.Na4 Qc7 20.Nc5 Bc8 21.Qd2 Bg7 22.b3 Rb5
23.Rbc1 Qb6 24.Qd6 f6 25.a4 Rxc5 26.Rxc5 Qxb3 27.Qd4 Qe6 28.Qd2 Ba6 29.Bxe5 fxe5
30.h3 Rf4 31.Ng4 Rxe4 32.Qxd7 Re1+ 33.Kh2 Qxd7 34.Rxd7 h5 35.Rxc6 hxg4 36.Rxa6 gxh3
37.Raxa7 hxg2 38.Kxg2 Bf8 39.Ra8  1-0

[Event "TCh-YUG Women's Cup"]
[Site "Herceg Novi YUG"]
[Date "2001.09.06"]
[Round "4"]
[White "Benderac,A"]
[Black "Dembo,Y"]
[Result "1/2-1/2"]
[WhiteElo "2276"]
[BlackElo "2391"]

1.e4 c5 2.Nf3 Nc6 3.Bb5 g6 4.Bxc6 dxc6 5.d3 Bg7 6.O-O e5 7.Be3 Qe7 8.h3 Nf6
9.Qd2 O-O 10.Bh6 Nh5 11.Bxg7 Kxg7 12.a4 Nf4 13.Nc3 f6 14.Ne2 Nxe2+ 15.Qxe2 Be6
16.b3 Qd6 17.Qe3 b6 18.Rae1 b5 19.Ra1 a6 20.Rfd1 Rfd8 21.Rd2 Qe7 22.Kh2 Qd6
23.Kg1 Qe7 24.Kh2 Qd6 25.Kg1  1/2-1/2

[Event "EYCC B14"]
[Site "Halkidiki GRE"]
[Date "2001.09.07"]
[Round "7"]
[White "Zavgorodniy,S"]
[Black "Gerzhoy,L"]
[Result "1/2-1/2"]
[WhiteElo "2453"]
[BlackElo "2257"]

1.e4 c5 2.Nf3 Nc6 3.Bb5 g6 4.O-O Bg7 5.Re1 Nf6 6.e5 Nd5 7.Nc3 Nc7 8.Bxc6 dxc6
9.Ne4 Bg4 10.Nxc5 Qd5 11.d4 O-O 12.Re4 Bf5 13.Re3 b6 14.Nb3 Ne6 15.Nh4 Rfd8
16.Nxf5 gxf5 17.Rg3 Qxe5 18.Bh6 Qf6 19.Qd2 Kh8 20.Bxg7+ Nxg7 21.c3 Ne6 22.Qe2 Rg8
23.Nd2 f4 24.Rxg8+ Rxg8 25.Nf3 Qg6 26.Nh4 Qg5 27.Qe5+ Qxe5 28.dxe5 Rd8 29.Nf5 Rd7
30.Kf1 c5 31.Ke2 Nf8 32.Rd1 Rxd1 33.Kxd1 Ng6 34.Ke2 e6 35.Nd6 Nxe5 36.Nc8 f3+
37.gxf3 Nc6 38.a3 Kg7 39.b4 cxb4 40.axb4 b5 41.Nd6 a6 42.Ke3 Kf6 43.f4 Ke7
44.Ne4  1/2-1/2

[Event "EYCC G16"]
[Site "Halkidiki GRE"]
[Date "2001.09.08"]
[Round "8"]
[White "Zavgorodnya,O"]
[Black "Ciobanu,C"]
[Result "0-1"]
[WhiteElo "2068"]
[BlackElo "2250"]

1.e4 c5 2.Nf3 Nc6 3.Bb5 e6 4.O-O Nge7 5.c3 Qb6 6.Bxc6 bxc6 7.d4 cxd4 8.cxd4 d5
9.exd5 cxd5 10.Nc3 Nc6 11.Re1 Be7 12.Ne5 O-O 13.Nxc6 Qxc6 14.Bf4 Ba6 15.Rc1 Qb7
16.Qb3 Qxb3 17.axb3 Bb4 18.Ra1 Bd3 19.Rec1 Rfc8 20.Na2 Be7 21.Rc3 Bc2 22.Rxc8+ Rxc8
23.Nc3 Ra8 24.Nb5 Bf6 25.b4 Bd3 26.Nc7 Rc8 27.Ra3 Bc4 28.b3 Bd3 29.Rxa7 Bxd4
30.Ra8 Rxa8 31.Nxa8 Bc3 32.Bd6 Bc2 33.b5 d4 34.f3 d3 35.Bf4 d2 36.Bxd2 Bxd2
37.b6 Bxb3 38.b7 Bf4 39.g3 Bb8 40.Nb6 Ba7 41.Kf1 Bd5 42.Nc8 Bb8 43.Nb6 Bxb7
44.f4 Ba6+ 45.Kg2 Bb5 46.Kf3 Ba7 47.Nc8 Bc5 48.Ke4 Ba6  0-1

[Event "CHN-RUS Summit Women"]
[Site "Shanghai CHN"]
[Date "2001.09.08"]
[Round "2"]
[White "Xu Yuhua"]
[Black "Kovalevskaya,E"]
[Result "1/2-1/2"]
[WhiteElo "2502"]
[BlackElo "2507"]

1.e4 c5 2.Nf3 Nc6 3.Bb5 g6 4.Bxc6 bxc6 5.O-O Bg7 6.Re1 Nh6 7.d4 cxd4 8.Nxd4 O-O
9.Nc3 f6 10.h3 Nf7 11.b3 e5 12.Nde2 d6 13.Ng3 Re8 14.Bb2 Be6 15.Qd3 Qa5 16.Na4 d5
17.Rad1 Rad8 18.Qc3 Qxc3 19.Bxc3 Bf8 20.Bd2 d4 21.c4 dxc3 22.Bxc3 c5 23.Ba5 Rc8
24.Nc3 c4 25.bxc4 Bxc4 26.Nd5 Kg7 27.Rd2 Bc5 28.Ne3 Be6 29.Nd5 Bd4 30.Ne2 Bxd5
31.exd5 Bc5 32.Rc1 Ba3 33.Rc6 Rb8 34.d6 Rb1+ 35.Kh2 Nxd6 36.Rcxd6 Bxd6 37.Rxd6 Rb2
38.Rd7+ Kg8 39.Nc3 Rxf2 40.Rxa7 Rb8 41.Ne4 Rf4 42.Bc7 Rb1 43.Nc3 Rb2 44.Nd5 Rff2
45.Nxf6+ Rxf6 46.Bxe5 Rff2 47.Bxb2 Rxb2 48.Kg3 Rc2 49.Ra4 Kg7 50.Kf3 h5 51.g3 Kf6
52.Rf4+ Ke5 53.Re4+ Kf5 54.a3 g5 55.g4+ Kg6 56.gxh5+ Kxh5 57.Re3 Kh4 58.Ke4 Rc4+
59.Kd5 Ra4 60.Kc5 Ra8 61.Rd3 Rc8+ 62.Kb6 Rb8+ 63.Kc5 Rc8+ 64.Kb4 Rb8+ 65.Kc3 Rc8+
66.Kd2 Rc4 67.Re3 Ra4 68.Ke2 Rc4 69.Rb3 Rc2+ 70.Kf1 Rc1+ 71.Kf2 Rc2+ 72.Kf1 Rc1+  1/2-1/2

[Event "5th Pablo Gorbea Mem Open"]
[Site "Madrid ESP"]
[Date "2001.09.09"]
[Round "3"]
[White "Blasco,M"]
[Black "Moreno Carnero,J"]
[Result "1/2-1/2"]
[WhiteElo "2288"]
[BlackElo "2514"]

1.e4 c5 2.Nf3 Nc6 3.Bb5 g6 4.O-O Bg7 5.c3 Nf6 6.e5 Nd5 7.d4 cxd4 8.cxd4 O-O
9.Nc3 Nxc3 10.bxc3 d6 11.Bxc6 bxc6 12.Bf4 Bf5 13.Re1 Qd7 14.Nd2 c5 15.exd6 exd6
16.Nc4 d5 17.Nd6 cxd4 18.cxd4 Be6 19.Rb1 Qc6 20.a4 a6 21.Be5 Rfd8 22.Nb7 Re8
23.Bxg7 Kxg7 24.Nc5 Bf5 25.Rc1 Rxe1+ 26.Qxe1 Re8  1/2-1/2

[Event "CHN-RUS Summit Women"]
[Site "Shanghai CHN"]
[Date "2001.09.09"]
[Round "3"]
[White "Xu Yuhua"]
[Black "Stepovaia Dianchenko,T"]
[Result "0-1"]
[WhiteElo "2502"]
[BlackElo "2451"]

1.e4 c5 2.Nf3 Nc6 3.Bb5 g6 4.O-O Bg7 5.Re1 Nf6 6.e5 Nd5 7.Nc3 Nc7 8.Bxc6 dxc6
9.Ne4 Ne6 10.d3 O-O 11.Be3 b6 12.Qd2 f5 13.exf6 exf6 14.Bh6 a5 15.Ng3 Ra7
16.Bxg7 Rxg7 17.Re4 f5 18.Re5 f4 19.Ne4 g5 20.Qc3 g4 21.Nfd2 Nd4 22.Kh1 Qh4
23.Nf1 Rg6 24.g3 fxg3 25.Nfxg3 Rh6 26.Rg5+ Kh8  0-1

[Event "5th Pablo Gorbea Mem Open"]
[Site "Madrid ESP"]
[Date "2001.09.10"]
[Round "4"]
[White "Moreno Carnero,J"]
[Black "Galvan,J"]
[Result "1-0"]
[WhiteElo "2514"]
[BlackElo "2187"]

1.e4 c5 2.Nf3 Nc6 3.Bb5 g6 4.O-O Bg7 5.c3 Nf6 6.Re1 O-O 7.h3 a6 8.Bxc6 dxc6
9.d3 b6 10.Bf4 Ne8 11.Be5 a5 12.d4 cxd4 13.cxd4 Nc7 14.Bxg7 Kxg7 15.Nc3 Bb7
16.Qb3 b5 17.Rad1 Qb8 18.Ne2 Qa7 19.Nf4 Rad8 20.Qe3 b4 21.Nh5+ gxh5 22.Qg5+ Kh8
23.Qe5+ f6 24.Qxc7 Rg8 25.Qxe7 Rdf8 26.Qc7 Qa8 27.Qf4 Qe8 28.Kh2 Bc8 29.Nh4 Rg7
30.Rc1 Rfg8 31.Qxf6 Rf8 32.Qxc6 Qd8 33.Qc5 Rfg8 34.g3 Qd7 35.Qf5 Qd8 36.Qe5 Re8
37.Qxh5 Rf8 38.Qe2 Qxd4 39.Rxc8 Rxc8 40.Nf5 Qa7 41.Nxg7 Kxg7 42.Qg4+  1-0